Loading...
Science - Physics | 1 | 2 | 1 | 0 | 30 | 56 | 83.00 | 0 | 2 |
Other Science: Computer Science | 1 | 1 | 0 | 0 | 25 | 32 | 60.50 | 2 | 2 |
Geography | 1 | 1 | 1 | 1 | 20 | 65 | 101.00 | 1 | 2 |
History - American History | 0 | 2 | 0 | 1 | 20 | 83 | 109.50 | 0 | 1 |
Beliefs | 1 | 1 | 1 | 0 | 20 | 29 | 72.00 | 1 | 2 |
History - World History | 0 | 1 | 0 | 0 | 10 | 71 | 71.00 | 1 | 1 |
Current Events | 0 | 1 | 0 | 0 | 10 | 78 | 78.00 | 0 | 1 |
Science - Biology | 0 | 1 | 0 | 0 | 10 | 101 | 101.00 | 0 | 1 |
Other Academic | 1 | 0 | 1 | 0 | 10 | 45 | 45.00 | 1 | 1 |
Other Science: Earth Science | 0 | 1 | 0 | 0 | 10 | 103 | 103.00 | 0 | 1 |
Social Science | 0 | 1 | 1 | 0 | 5 | 131 | 131.00 | 0 | 1 |
Other Science: Math | 1 | 0 | 2 | 0 | 5 | 62 | 62.00 | 1 | 1 |
Ancient History and Archaeology | 0 | 0 | 1 | 0 | -5 | 0.00 | 0 | 0 |